000 00584nam a22002537a 4500
003 UA-OsUOA
001 22198
007 ta
008 20031217b un ||||| |||| 00| 0 ukr d
100 _aГорак Г.І.
090 _a101(075.8)
_bГ67
942 _cBK
040 _aUA-OsUOA
_bukr
_cUA-OsUOA
_dUA-OsUOA
245 _aФілософія
_bКурс лекцій
300 _a272 с.
955 _a0
041 _aukr
080 _a101(075.8)
020 _a966-7247-00-7
260 _aКиїв
_bВілбор
_c1997
044 _aUA
650 7 _2UDC
999 _c308413
_d308413